| Tag |
First Indicator |
Second Indicator |
Subfields |
| LEADER |
00000cam a2200000 a 4500 |
| 001 |
in00000097172 |
| 005 |
20150924085054.0 |
| 008 |
811026s1980 ja ab b i00010 eng d |
| 020 |
|
|
|a 9280801430
|
| 035 |
|
|
|a (OCoLC)07880193
|
| 035 |
|
|
|9 AAK9049AM
|
| 040 |
|
|
|a AZU
|c AZU
|d TXA
|d UtOrBLW
|
| 043 |
|
|
|a a-mk---
|a a-ts---
|
| 049 |
|
|
|a TXAM
|c [388925]
|
| 090 |
|
|
|a DS219 B4
|b C6
|
| 100 |
1 |
|
|a Cordes, Rainer.
|
| 245 |
1 |
0 |
|a Bedouins, wealth, and change :
|b a study of rural development in the United Arab Emirates and the Sultanate of Oman /
|c Rainer Cordes and Fred Scholz.
|
| 264 |
|
1 |
|a Tokyo, Japan :
|b The United Nations University,
|c [1980]
|
| 264 |
|
4 |
|c ©1980
|
| 300 |
|
|
|a 65 pages :
|b illustrations, maps ;
|c 28 cm.
|
| 336 |
|
|
|a text
|b txt
|2 rdacontent
|
| 337 |
|
|
|a unmediated
|b n
|2 rdamedia
|
| 338 |
|
|
|a volume
|b nc
|2 rdacarrier
|
| 500 |
|
|
|a "NRTS-7/UNUP-143."
|
| 504 |
|
|
|a Bibliography: pages 64-65.
|
| 650 |
|
0 |
|a Bedouins
|z Oman.
|
| 650 |
|
0 |
|a Bedouins
|z United Arab Emirates.
|
| 650 |
|
0 |
|a Rural development
|z Oman.
|
| 650 |
|
0 |
|a Rural development
|z United Arab Emirates.
|
| 700 |
1 |
|
|a Scholz, Fred.
|
| 999 |
|
|
|a MARS
|
| 999 |
f |
f |
|s e3063345-141b-317f-9ec6-018df797cf75
|i 7c05f5a2-b152-3d7f-bdd3-9436ace2eca4
|t 0
|
| 952 |
f |
f |
|p ric
|a Texas A&M University
|b Rellis Campus
|c Joint Library Facility
|d Remote Storage
|t 0
|e DS219 B4 C6
|h Library of Congress classification
|i unmediated -- volume
|m A14806039614
|
| 998 |
f |
f |
|a DS219 B4 C6
|t 0
|l Remote Storage
|